INTERNATIONAL TRADE LAW (Record no. 23065)
[ view plain ]
| 000 -LEADER | |
|---|---|
| fixed length control field | 00338nam a22001457a 4500 |
| 003 - CONTROL NUMBER IDENTIFIER | |
| control field | SGT |
| 020 ## - INTERNATIONAL STANDARD BOOK NUMBER | |
| International Standard Book Number | 9789384961886 |
| 082 ## - DEWEY DECIMAL CLASSIFICATION NUMBER | |
| Classification number | 343.087 |
| Item number | CHA |
| 100 ## - MAIN ENTRY--PERSONAL NAME | |
| Personal name | CHATTERJEE , ISHITA |
| 245 ## - TITLE STATEMENT | |
| Title | INTERNATIONAL TRADE LAW |
| 250 ## - EDITION STATEMENT | |
| Edition statement | 2 |
| 260 ## - PUBLICATION, DISTRIBUTION, ETC. (IMPRINT) | |
| Place of publication, distribution, etc | ALLAHABAD |
| Name of publisher, distributor, etc | CENTRAL LAW PUBLICATION |
| Year of Publication | 2022 |
| 300 ## - PAGE DESCRIPTION | |
| No. of Pages | XLVII , 880 |
| 942 ## - ADDED ENTRY ELEMENTS (KOHA) | |
| Source of classification or shelving scheme | Dewey Decimal Classification |
| Koha item type | Books |
| 942 ## - ADDED ENTRY ELEMENTS (KOHA) | |
| -- | 15 |
| Withdrawn status | Lost status | Source of classification or shelving scheme | Damaged status | Not for loan | Collection code | Home library | Current library | Shelving location | Date acquired | Vendor Name | Cost, normal purchase price | SGTU | Bill Number | Total Checkouts | Full call number | Accession No. (Barcode) | Date last seen | Date last borrowed | Bill Date | Koha item type |
|---|---|---|---|---|---|---|---|---|---|---|---|---|---|---|---|---|---|---|---|---|
| Dewey Decimal Classification | LAW | SGT Science & Social Sciences Library | SGT Science & Social Sciences Library | Text Book | 01/08/2022 | AHUJA BOOK COMPANY | 560.00 | SGTU | 14697 | 2 | 343.087 CHA | FL2876 | 22/03/2025 | 22/03/2025 | 30/06/2022 | Books | ||||
| Dewey Decimal Classification | LAW | SGT Science & Social Sciences Library | SGT Science & Social Sciences Library | Text Book | 01/08/2022 | AHUJA BOOK COMPANY | 560.00 | SGTU | 14697 | 7 | 343.087 CHA | FL2877 | 19/09/2025 | 29/08/2025 | 30/06/2022 | Books | ||||
| Dewey Decimal Classification | LAW | SGT Science & Social Sciences Library | SGT Science & Social Sciences Library | Text Book | 01/08/2022 | AHUJA BOOK COMPANY | 560.00 | SGTU | 14697 | 3 | 343.087 CHA | FL2878 | 04/02/2025 | 30/11/2024 | 30/06/2022 | Books | ||||
| Dewey Decimal Classification | LAW | SGT Science & Social Sciences Library | SGT Science & Social Sciences Library | Text Book | 01/08/2022 | AHUJA BOOK COMPANY | 560.00 | SGTU | 14697 | 4 | 343.087 CHA | FL2879 | 05/12/2024 | 26/11/2024 | 30/06/2022 | Books |